[Event "Catalunya-chT Gp1"]
[Site "Barcelona"]
[Date "2024.01.20"]
[Round "1.7"]
[White "Mayo Casademont, Marti"]
[Black "Calvo Bures, Marc"]
[Result "1/2-1/2"]
[WhiteElo "2276"]
[BlackElo "2042"]
[PlyCount "95"]
[EventDate "2024.01.20"]
[EventType "team-tourn"]
[EventRounds "7"]
[EventCountry "ESP"]
[SourceTitle "CB06_2024"]
[SourceDate "2024.02.07"]
[SourceVersion "1"]
[SourceVersionDate "2024.02.07"]
[SourceQuality "1"]
[WhiteTeam "Ateneu Colon"]
[BlackTeam "Terrassa"]
[WhiteTeamCountry "ESP"]
[BlackTeamCountry "ESP"]

1. c4 Nf6 2. Nf3 e6 3. Nc3 d5 4. e3 c5 5. cxd5 Nxd5 6. Nxd5 Qxd5 7. b3 Be7 8. Bb2 0-0 9. Bc4 Qd8 10. 0-0 Nc6 11. Qc2 b6 12. d4 cxd4 13. Bd3 Nb4 14. Bxh7+ Kh8 15. Qe4 Nd5 16. Ne5 f5 17. Bxf5 Rxf5 18. Qxf5 exf5 19. Nf7+ Kg8 20. Nxd8 Bxd8 21. Bxd4 Bb7 22. a3 Bc7 23. Rfd1 Kf7 24. Rac1 Rh8 25. h3 Rh4 26. Bb2 Bb8 27. Rd4 Rh6 28. Rcd1 Rd6 29. f3 Ke6 30. e4 fxe4 31. Rxe4+ Kf7 32. Be5 Rd8 33. Bxb8 Rxb8 34. Rc1 Kf6 35. Kf2 Rd8 36. h4 g6 37. g4 Rd7 38. Kg3 Ne7 39. Rd1 Rc7 40. Rd3 Rc2 41. Rc4 Re2 42. Rd6+ Kf7 43. b4 Ke8 44. a4 Ra2 45. f4 Kf8 46. f5 Ke8 47. Rc7 Kf7 48. Rd8 1/2-1/2

[Event "Iberoamerican-ch Rapid"]
[Site "Sant Boi"]
[Date "2023.12.09"]
[Round "6"]
[White "Henriquez Villagra, Cristobal"]
[Black "Mayo Casademont, Marti"]
[Result "1-0"]
[WhiteElo "2607"]
[BlackElo "2276"]
[PlyCount "91"]
[EventDate "2023.12.09"]
[EventType "swiss (rapid)"]
[EventRounds "9"]
[EventCountry "ESP"]
[SourceTitle "CB50_2023"]
[SourceDate "2023.12.13"]
[SourceVersion "1"]
[SourceVersionDate "2023.12.13"]
[SourceQuality "1"]

1. e4 e5 2. Nf3 Nc6 3. g3 Nf6 4. d3 d5 5. exd5 Nxd5 6. Bg2 Bc5 7. 0-0 0-0 8. c3 Bb6 9. Nbd2 Re8 10. Nc4 h6 11. Re1 Bg4 12. h3 Bh5 13. g4 Bg6 14. Ncxe5 Nxe5 15. Nxe5 Bh7 16. d4 c6 17. Bd2 Bc7 18. Qb3 f6 19. Nc4 Qd7 20. Ne3 Be4 21. Bxe4 Rxe4 22. Nxd5 Rxe1+ 23. Rxe1 cxd5 24. Kf1 h5 25. Qd1 hxg4 26. Qxg4 Qxg4 27. hxg4 Kf7 28. a4 a6 29. Be3 Bd6 30. Ke2 b5 31. axb5 axb5 32. Kd3 b4 33. c4 dxc4+ 34. Kxc4 Rc8+ 35. Kd5 Be7 36. Rc1 Rd8+ 37. Ke4 Ra8 38. Rc7 Ra2 39. d5 Ke8 40. Bd4 Ra1 41. Kf5 Rd1 42. Ke6 Re1+ 43. Be3 Bd8 44. Rxg7 Kf8 45. Rf7+ Ke8 46. Rh7 1-0

[Event "World Corporate East E"]
[Site "Chess.com INT"]
[Date "2021.02.20"]
[Round "6.3"]
[White "Preethi, Rajkumar"]
[Black "Mayo Casademont, Marti"]
[Result "1-0"]
[WhiteElo "1955"]
[BlackElo "2247"]
[PlyCount "85"]
[EventDate "2021.02.19"]
[EventType "team (rapid)"]
[EventRounds "7"]
[EventCountry "USA"]
[SourceTitle "EXT 2022"]
[Source "ChessBase"]
[SourceDate "2021.10.06"]
[SourceVersion "1"]
[SourceVersionDate "2021.10.06"]
[SourceQuality "1"]
[WhiteTeam "Tata Consultancy Services Chennai"]
[BlackTeam "BCG Gamma"]
[WhiteTeamCountry "IND"]
[BlackTeamCountry "FRA"]

1. Nf3 d5 2. g3 Nf6 3. Bg2 e6 4. d4 b5 5. c3 Be7 6. Bg5 0-0 7. 0-0 Nbd7 8. h3 c5 9. Nbd2 a5 10. Re1 Bb7 11. dxc5 Nxc5 12. Ne5 h6 13. Be3 Qc7 14. Bd4 Rfc8 15. Nb3 Nce4 16. Qd3 a4 17. Nd2 a3 18. bxa3 Rxa3 19. Nxe4 dxe4 20. Qxb5 Ba6 21. Qb2 Rb8 22. Qd2 Ra4 23. Ng4 Nxg4 24. hxg4 e5 25. Be3 Rd8 26. Qc2 Qc6 27. Reb1 Bb5 28. a3 Rc4 29. Rb4 Bxb4 30. axb4 Rxb4 31. Ra7 Rc4 32. Qa2 Qe6 33. Qa5 Be8 34. Bh3 Qc6 35. Qxd8 Rxc3 36. Ra8 Kh7 37. Qxe8 Rc1+ 38. Kh2 Qd5 39. Rd8 Qb3 40. Qxe5 Qb2 41. Qxe4+ g6 42. Qf4 g5 43. Qxf7+ 1-0

[Event "World Corporate East E"]
[Site "Chess.com INT"]
[Date "2021.02.19"]
[Round "3.1"]
[White "Olsarova, Karolina"]
[Black "Mayo Casademont, Marti"]
[Result "1-0"]
[WhiteElo "2290"]
[BlackElo "2247"]
[PlyCount "107"]
[EventDate "2021.02.19"]
[EventType "team (rapid)"]
[EventRounds "7"]
[EventCountry "USA"]
[SourceTitle "EXT 2022"]
[Source "ChessBase"]
[SourceDate "2021.10.06"]
[SourceVersion "1"]
[SourceVersionDate "2021.10.06"]
[SourceQuality "1"]
[WhiteTeam "CSOB"]
[BlackTeam "BCG Gamma"]
[WhiteTeamCountry "CZE"]
[BlackTeamCountry "FRA"]

1. e4 d5 2. exd5 Qxd5 3. Nc3 Qd6 4. d4 Nf6 5. Nge2 e6 6. Bf4 Qd8 7. g3 Bd6 8. Bg2 0-0 9. 0-0 Nbd7 10. Nb5 Bxf4 11. Nxf4 a6 12. Nc3 c5 13. dxc5 Nxc5 14. Qe2 Qc7 15. Rfe1 Bd7 16. Nh5 Nxh5 17. Qxh5 Na4 18. Nxa4 Bxa4 19. Be4 g6 20. Qh4 Bc6 21. Rad1 Bxe4 22. Qxe4 Rad8 23. c4 b6 24. b3 Rd6 25. Rxd6 Qxd6 26. Qe5 Qd2 27. Re2 Qd1+ 28. Re1 Qd2 29. Re2 Qd1+ 30. Kg2 Rd8 31. Qe3 Rd3 32. Re1 Qd2 33. Qe2 a5 34. Kf1 Qc3 35. Rd1 Rxd1+ 36. Qxd1 Kg7 37. Kg2 Qb2 38. Qd6 Qxa2 39. Qd4+ Kg8 40. Qxb6 a4 41. Qb8+ Kg7 42. Qe5+ Kg8 43. bxa4 Qxa4 44. Qb8+ Kg7 45. Qb5 Qd1 46. Qe5+ Kg8 47. c5 Qc2 48. h4 h5 49. Qd4 Kf8 50. Qd6+ Kg7 51. c6 Qe4+ 52. Kh2 Qf3 53. Qd4+ Kf8 54. c7 1-0

[Event "Catalunya-chT Gp1"]
[Site "Barcelona"]
[Date "2020.01.25"]
[Round "2.3"]
[White "Mayo Casademont, Marti"]
[Black "Gallart Zafra, Jaume"]
[Result "0-1"]
[WhiteElo "2268"]
[BlackElo "2165"]
[PlyCount "62"]
[EventDate "2020.01.18"]
[EventType "team-tourn"]
[EventRounds "7"]
[EventCountry "ESP"]
[SourceTitle "CBM 194 Extra"]
[Source "ChessBase"]
[SourceDate "2020.03.31"]
[SourceVersion "1"]
[SourceVersionDate "2020.03.31"]
[SourceQuality "1"]
[WhiteTeam "Gerunda"]
[BlackTeam "Tres Peons"]
[WhiteTeamCountry "ESP"]
[BlackTeamCountry "ESP"]

1. d4 Nf6 2. Nf3 e6 3. g3 b6 4. Bg2 Bb7 5. 0-0 Be7 6. c4 0-0 7. Nc3 d5 8. cxd5 Nxd5 9. Re1 c5 10. e4 cxd4 11. Nxd5 exd5 12. e5 Nc6 13. Nxd4 Nxd4 14. Qxd4 Bc5 15. Qd3 Qe7 16. a3 a5 17. h4 h6 18. Bd2 Ba6 19. Qf5 Rad8 20. Qf4 Bc4 21. Rac1 a4 22. Bh3 b5 23. Bf5 Qa7 24. Qg4 Bxf2+ 25. Kh1 Qd4 26. Qxd4 Bxd4 27. Bc3 Bf2 28. Red1 d4 29. Be1 Bxe1 30. Rxe1 d3 31. e6 d2 0-1

[Event "Catalunya-chT Gp1"]
[Site "Barcelona"]
[Date "2017.02.25"]
[Round "6.4"]
[White "Mayo Casademont, Marti"]
[Black "Coll Ortega, Jordi"]
[Result "1-0"]
[WhiteElo "2305"]
[BlackElo "2243"]
[PlyCount "63"]
[EventDate "2017.01.21"]
[EventType "team-tourn"]
[EventRounds "7"]
[EventCountry "ESP"]
[SourceTitle "EXT 2018"]
[Source "ChessBase"]
[SourceDate "2017.10.13"]
[SourceVersion "1"]
[SourceVersionDate "2017.10.13"]
[SourceQuality "1"]
[WhiteTeam "Gerunda"]
[BlackTeam "Lleida"]
[WhiteTeamCountry "ESP"]
[BlackTeamCountry "ESP"]

1. d4 Nf6 2. c4 g6 3. g3 Bg7 4. Bg2 0-0 5. Nc3 d6 6. Nf3 Nbd7 7. 0-0 e5 8. h3 Re8 9. e4 exd4 10. Nxd4 Nc5 11. Re1 Bd7 12. Rb1 a5 13. Kh2 h6 14. b3 Nh7 15. Be3 Ng5 16. f3 Qc8 17. h4 Nge6 18. Nde2 g5 19. hxg5 hxg5 20. Qd2 Qd8 21. Rh1 Bc6 22. Bh3 Be5 23. Kg2 f6 24. Bf5 Ng7 25. Bg6 Re6 26. Rh6 g4 27. Rbh1 gxf3+ 28. Kxf3 Ne8 29. Rh8+ Kg7 30. Bxc5 Kxg6 31. Qh6+ Kf7 32. Qf8+ 1-0

[Event "Catalunya-chT Gp1"]
[Site "Barcelona"]
[Date "2017.02.18"]
[Round "5.4"]
[White "Mayo Casademont, Marti"]
[Black "Martinez Romero, Martin"]
[Result "0-1"]
[WhiteElo "2305"]
[BlackElo "2415"]
[PlyCount "80"]
[EventDate "2017.01.21"]
[EventType "team-tourn"]
[EventRounds "7"]
[EventCountry "ESP"]
[SourceTitle "EXT 2018"]
[Source "ChessBase"]
[SourceDate "2017.10.13"]
[SourceVersion "1"]
[SourceVersionDate "2017.10.13"]
[SourceQuality "1"]
[WhiteTeam "Gerunda"]
[BlackTeam "Mollet"]
[WhiteTeamCountry "ESP"]
[BlackTeamCountry "ESP"]

1. d4 Nf6 2. c4 g6 3. g3 Bg7 4. Bg2 0-0 5. Nc3 d6 6. Nf3 Nc6 7. 0-0 a6 8. h3 Rb8 9. e4 e5 10. d5 Ne7 11. Be3 c5 12. Ne1 b5 13. b3 Nd7 14. Rc1 f5 15. Nd3 b4 16. Nb1 fxe4 17. Bxe4 Nf6 18. Bg2 Nf5 19. Qe2 Rf7 20. Nd2 Nxe3 21. Qxe3 Qf8 22. g4 Bd7 23. Rce1 Re8 24. Nc1 h5 25. g5 Nh7 26. Be4 Rf4 27. Bxg6 Nxg5 28. Bxe8 Qxe8 29. Ne2 Nxh3+ 30. Kh2 Rf6 31. Ne4 Rg6 32. Ng1 Bh6 33. Qg3 Rxg3 34. Nf6+ Kh8 35. Nxe8 Rxg1 36. Rxg1 Nxg1 37. Rxg1 Bxe8 38. a3 bxa3 39. Ra1 a5 40. Rxa3 Bd2 0-1

[Event "Sitges Sunway op-A 2nd"]
[Site "Sitges"]
[Date "2015.12.19"]
[Round "8"]
[White "Mayo Casademont, Marti"]
[Black "Romanishin, Oleg M"]
[Result "1/2-1/2"]
[WhiteElo "2261"]
[BlackElo "2462"]
[PlyCount "95"]
[EventDate "2015.12.13"]
[EventType "swiss"]
[EventRounds "9"]
[EventCountry "ESP"]
[SourceTitle "EXT 2017"]
[Source "ChessBase"]
[SourceDate "2016.10.25"]
[SourceVersion "1"]
[SourceVersionDate "2016.10.25"]
[SourceQuality "1"]

1. d4 Nf6 2. c4 e6 3. Nc3 Bb4 4. Qc2 c5 5. dxc5 Bxc5 6. Nf3 Nc6 7. Bg5 h6 8. Bh4 Qa5 9. Rc1 Nd4 10. Nxd4 Bxd4 11. e3 Bxc3+ 12. Qxc3 Qxc3+ 13. Rxc3 g5 14. Bg3 Ne4 15. Rc1 b6 16. f3 Nxg3 17. hxg3 Bb7 18. g4 Rc8 19. Bd3 Ke7 20. Ke2 Rc7 21. b3 Kf6 22. Rh2 Kg7 23. Kd2 Ba6 24. Be4 Rd8 25. Rch1 d5 26. cxd5 Bb7 27. Ke2 Bxd5 28. Bd3 Rh8 29. Kd2 Bb7 30. Rc1 Rd7 31. Rc3 Ba6 32. Kc2 Bxd3+ 33. Rxd3 Rc8+ 34. Rc3 Rxc3+ 35. Kxc3 Rd1 36. e4 Rf1 37. Kb4 a6 38. a4 Ra1 39. Kc4 Kg6 40. Kb4 e5 41. Kc4 Rd1 42. Kb4 f6 43. Kc4 Rc1+ 44. Kd3 Kg7 45. Kd2 Ra1 46. Kc2 Kg6 47. Kb2 Rf1 48. Kc3 1/2-1/2

[Event "Foment Martinenc op-A 17th"]
[Site "Barcelona"]
[Date "2015.06.06"]
[Round "7"]
[White "Mayo Casademont, Marti"]
[Black "Asensio Linan, Teodoro"]
[Result "1-0"]
[WhiteElo "2235"]
[BlackElo "2145"]
[PlyCount "67"]
[EventDate "2015.04.25"]
[EventType "swiss"]
[EventRounds "9"]
[EventCountry "ESP"]
[SourceTitle "EXT 2017"]
[Source "ChessBase"]
[SourceDate "2016.10.25"]
[SourceVersion "1"]
[SourceVersionDate "2016.10.25"]
[SourceQuality "1"]

1. d4 d5 2. c4 e5 3. dxe5 d4 4. Nf3 Nc6 5. a3 Nge7 6. e3 Bg4 7. Be2 dxe3 8. Bxe3 Qxd1+ 9. Bxd1 Bxf3 10. Bxf3 Nxe5 11. Be2 0-0-0 12. Nd2 Nf5 13. Bf4 Nd4 14. Bxe5 Nc2+ 15. Kd1 Nxa1 16. Kc1 h5 17. Bc3 Be7 18. Kb1 Rxd2 19. Bxd2 Nb3 20. Bc3 Bc5 21. Bd1 Nd4 22. b4 Bb6 23. c5 Bxc5 24. bxc5 Ne6 25. Bf3 h4 26. Re1 h3 27. g3 Nxc5 28. Bxg7 Rg8 29. Bg4+ Kb8 30. Bxh3 a5 31. Bc3 Nd3 32. Re2 b6 33. Bf5 Nc5 34. h4 1-0

[Event "Illes Medes op 2nd"]
[Site "L'Estartit"]
[Date "2008.01.04"]
[Round "9"]
[White "Mayo Casademont, Marti"]
[Black "Reyniers, Pieter"]
[Result "1/2-1/2"]
[WhiteElo "2172"]
[BlackElo "2025"]
[PlyCount "29"]
[EventDate "2007.12.28"]
[EventType "swiss"]
[EventRounds "9"]
[EventCountry "ESP"]
[SourceTitle "CBM 122 Extra"]
[Source "ChessBase"]
[SourceDate "2008.03.04"]
[SourceVersion "1"]
[SourceVersionDate "2008.03.04"]
[SourceQuality "1"]

1. d4 f5 2. e4 fxe4 3. Nc3 Nf6 4. Bg5 Nc6 5. d5 Ne5 6. Qe2 Nf7 7. h4 d6 8. 0-0-0 Bg4 9. f3 exf3 10. gxf3 Bf5 11. Qe3 a6 12. Nge2 c5 13. Ng3 Bd7 14. Kb1 Qa5 15. Bh3 1/2-1/2

[Event "Illes Medes op 2nd"]
[Site "L'Estartit"]
[Date "2007.12.28"]
[Round "1"]
[White "Edouard, Romain"]
[Black "Mayo Casademont, Marti"]
[Result "1-0"]
[WhiteElo "2472"]
[BlackElo "2172"]
[PlyCount "57"]
[EventDate "2007.12.28"]
[EventType "swiss"]
[EventRounds "9"]
[EventCountry "ESP"]
[SourceTitle "CBM 122 Extra"]
[Source "ChessBase"]
[SourceDate "2008.03.04"]
[SourceVersion "1"]
[SourceVersionDate "2008.03.04"]
[SourceQuality "1"]

1. e4 c5 2. Nf3 e6 3. d4 cxd4 4. Nxd4 Nc6 5. Nc3 Qc7 6. Be3 a6 7. Qd2 Nf6 8. 0-0-0 Bb4 9. f3 Ne5 10. Nb3 b5 11. Qf2 Nc4 12. Bxc4 bxc4 13. Bb6 Qf4+ 14. Nd2 Bxc3 15. bxc3 d5 16. Bc5 Bb7 17. Kb1 Nd7 18. Ba3 Qc7 19. Ka1 f6 20. g4 0-0-0 21. Rb1 Ne5 22. Rb6 dxe4 23. Rhb1 Bc6 24. f4 Nxg4 25. Qc5 Bd5 26. Qa5 Rd7 27. Qxa6+ Bb7 28. Rxb7 Qxb7 29. Bd6 1-0

[Event "Illes Medes op 1st"]
[Site "Illes Medes"]
[Date "2006.12.28"]
[Round "1"]
[White "Mayo Casademont, Marti"]
[Black "Jankovic, Alojzije"]
[Result "1/2-1/2"]
[WhiteElo "2186"]
[BlackElo "2533"]
[PlyCount "73"]
[EventDate "2006.12.28"]
[EventType "swiss"]
[EventRounds "9"]
[EventCountry "ESP"]
[SourceTitle "CBM 116 Extra"]
[Source "ChessBase"]
[SourceDate "2007.03.07"]
[SourceVersion "1"]
[SourceVersionDate "2007.03.07"]
[SourceQuality "1"]

1. d4 Nf6 2. c4 g6 3. Nc3 Bg7 4. e4 d6 5. f4 0-0 6. Nf3 c5 7. d5 e6 8. dxe6 fxe6 9. Bd3 Nc6 10. 0-0 e5 11. f5 gxf5 12. exf5 Nd4 13. Ng5 h6 14. Nge4 Nxe4 15. Nxe4 Nxf5 16. Qh5 Bd7 17. g4 Be8 18. Qh3 Qh4 19. Qg2 Nd4 20. Rxf8+ Bxf8 21. g5 Kh8 22. Bd2 Bc6 23. Rf1 Be7 24. g6 Kg8 25. g7 Bg5 26. Bxg5 hxg5 27. Qxg5 Qxg5+ 28. Nxg5 Re8 29. Rf7 Nf3+ 30. Rxf3 Bxf3 31. Bg6 Bc6 32. Bxe8 Bxe8 33. Ne4 Bc6 34. Nxd6 Kxg7 35. Kf2 Kf6 36. Ke3 Ke6 37. Ne4 1/2-1/2

[Event "Barcelona Sants op 08th"]
[Site "Barcelona"]
[Date "2006.09.01"]
[Round "8"]
[White "Kristiansen, Jens"]
[Black "Mayo Casademont, Marti"]
[Result "1-0"]
[WhiteElo "2425"]
[BlackElo "2191"]
[PlyCount "57"]
[EventDate "2006.08.25"]
[EventType "swiss"]
[EventRounds "10"]
[EventCountry "ESP"]
[SourceTitle "CBM 113 Extra"]
[Source "ChessBase"]
[SourceDate "2006.09.14"]
[SourceVersion "1"]
[SourceVersionDate "2006.09.14"]
[SourceQuality "1"]

1. e4 e6 2. d4 d5 3. Nc3 Bb4 4. e5 c5 5. a3 Bxc3+ 6. bxc3 Qc7 7. Nf3 b6 8. a4 Ba6 9. Bxa6 Nxa6 10. Qe2 Nb8 11. a5 bxa5 12. 0-0 Ne7 13. Ba3 Nd7 14. dxc5 Nc6 15. Nd4 0-0 16. f4 Nxd4 17. cxd4 Nb8 18. f5 exf5 19. Rxf5 Nc6 20. c3 Qd7 21. Raf1 Rae8 22. Qf2 Re6 23. c4 f6 24. cxd5 Qxd5 25. exf6 Qxd4 26. Qxd4 Nxd4 27. f7+ Kh8 28. c6 Nxf5 29. Rxf5 1-0

[Event "Barcelona Sants op 08th"]
[Site "Barcelona"]
[Date "2006.08.31"]
[Round "7"]
[White "Mayo Casademont, Marti"]
[Black "Matnadze, Ana"]
[Result "1-0"]
[WhiteElo "2191"]
[BlackElo "2361"]
[PlyCount "77"]
[EventDate "2006.08.25"]
[EventType "swiss"]
[EventRounds "10"]
[EventCountry "ESP"]
[SourceTitle "CBM 113 Extra"]
[Source "ChessBase"]
[SourceDate "2006.09.14"]
[SourceVersion "1"]
[SourceVersionDate "2006.09.14"]
[SourceQuality "1"]

1. d4 Nf6 2. c4 e6 3. Nc3 Bb4 4. f3 d5 5. a3 Be7 6. e4 dxe4 7. fxe4 c5 8. d5 exd5 9. cxd5 Bd6 10. Bb5+ Nbd7 11. Nf3 0-0 12. 0-0 Ng4 13. h3 Nge5 14. Bf4 Qc7 15. Bxd7 Bxd7 16. Nxe5 Bxe5 17. d6 Bd4+ 18. Qxd4 cxd4 19. dxc7 dxc3 20. bxc3 Rfe8 21. Rfd1 Be6 22. Rd4 f6 23. Rad1 Kf7 24. a4 b6 25. c4 Rac8 26. Rc1 Re7 27. c5 Rd7 28. cxb6 axb6 29. Rb4 g5 30. Bh2 Ke7 31. Rxb6 Rd4 32. a5 Rxe4 33. a6 f5 34. a7 f4 35. Rb8 Ra4 36. Re1 Kd7 37. Rxc8 Kxc8 38. Rxe6 Kxc7 39. Re8 1-0

[Event "ESP-ch U18"]
[Site "Banos de Montemayor"]
[Date "2006.07.12"]
[Round "8"]
[White "Mayo Casademont, Marti"]
[Black "Larino Nieto, David"]
[Result "0-1"]
[WhiteElo "2191"]
[BlackElo "2371"]
[PlyCount "52"]
[EventDate "2006.07.08"]
[EventType "swiss"]
[EventRounds "9"]
[EventCountry "ESP"]
[SourceTitle "EXT 2007"]
[Source "ChessBase"]
[SourceDate "2006.11.23"]
[SourceVersion "1"]
[SourceVersionDate "2006.11.23"]
[SourceQuality "1"]

1. d4 e6 2. c4 Nf6 3. Nc3 Bb4 4. f3 d5 5. a3 Bxc3+ 6. bxc3 c5 7. cxd5 Nxd5 8. dxc5 Nd7 9. e4 Ne7 10. Be3 0-0 11. Bb5 Qa5 12. Bxd7 Bxd7 13. Ne2 Ba4 14. Qb1 Qa6 15. Qb2 Nc6 16. 0-0 Ne5 17. Bd4 Nc4 18. Qb4 e5 19. Bf2 Rfd8 20. Ng3 g6 21. Rfb1 Bc2 22. Rc1 Bd3 23. Rd1 Qe6 24. Qxb7 Na5 25. Qc7 Nb3 26. Ra2 Rd7 0-1

[Event "Girona-ch"]
[Site "Girona"]
[Date "2005.11.20"]
[Round "8.5"]
[White "Mayo Casademont, Marti"]
[Black "Alonso Rosell, Alvar"]
[Result "1/2-1/2"]
[WhiteElo "2041"]
[BlackElo "2280"]
[PlyCount "29"]
[EventDate "2005.09.25"]
[EventType "swiss"]
[EventRounds "9"]
[EventCountry "ESP"]
[SourceTitle "EXT 2024"]
[Source "ChessBase"]
[SourceDate "2023.10.10"]
[SourceVersion "1"]
[SourceVersionDate "2023.10.10"]
[SourceQuality "1"]

1. Nf3 c5 2. g3 Nf6 3. Bg2 Nc6 4. d3 e6 5. Nbd2 Be7 6. 0-0 0-0 7. e4 d6 8. Re1 e5 9. a4 Rb8 10. Nc4 b6 11. c3 a6 12. Ne3 h6 13. h3 Re8 14. Nh4 Bf8 15. f4 1/2-1/2

[Event "Girona-ch"]
[Site "Girona"]
[Date "2005.10.09"]
[Round "3.1"]
[White "Fluvia Poyatos, Joan"]
[Black "Mayo Casademont, Marti"]
[Result "1-0"]
[WhiteElo "2458"]
[BlackElo "2041"]
[PlyCount "37"]
[EventDate "2005.09.25"]
[EventType "swiss"]
[EventRounds "9"]
[EventCountry "ESP"]
[SourceTitle "EXT 2024"]
[Source "ChessBase"]
[SourceDate "2023.10.10"]
[SourceVersion "1"]
[SourceVersionDate "2023.10.10"]
[SourceQuality "1"]

1. Nf3 d5 2. c4 e6 3. b3 c6 4. Bb2 f5 5. h3 Nf6 6. g4 fxg4 7. hxg4 Nxg4 8. Qc2 Nf6 9. Ng5 Be7 10. Nxh7 Rxh7 11. Rxh7 Nxh7 12. Qg6+ Kd7 13. Qxh7 Bf6 14. Nc3 Na6 15. cxd5 exd5 16. Rc1 Ke7 17. e4 Nc7 18. Ba3+ Kf7 19. Be2 1-0

[Event "Joan Gelpi Memorial 19th"]
[Site "Calella"]
[Date "2004.09.25"]
[Round "2"]
[White "Mayo Casademont, Marti"]
[Black "Vidal Zamora, Alex"]
[Result "1-0"]
[WhiteElo "2125"]
[BlackElo "1910"]
[PlyCount "51"]
[EventDate "2004.09.19"]
[EventType "swiss"]
[EventRounds "9"]
[EventCountry "ESP"]
[SourceTitle "CBM 103 Extra"]
[Source "ChessBase"]
[SourceDate "2005.01.01"]
[SourceVersion "1"]
[SourceVersionDate "2005.01.01"]
[SourceQuality "1"]

1. d4 d5 2. c4 e6 3. Nc3 Nf6 4. cxd5 Nxd5 5. e4 Nb6 6. Be3 Be7 7. f4 N8d7 8. Nf3 c6 9. Be2 Bb4 10. 0-0 Nf6 11. Qd3 0-0 12. a3 Bxc3 13. bxc3 Nbd7 14. Ne5 Qc7 15. Bf2 c5 16. Bh4 Nxe5 17. fxe5 Nd7 18. Qg3 cxd4 19. cxd4 Qc6 20. Bf6 g6 21. Qf4 Nxf6 22. exf6 Kh8 23. e5 Bd7 24. Qh6 Rg8 25. Rf3 Qe4 26. Qxh7+ 1-0

[Event "Banyoles op 7th"]
[Site "Banyoles"]
[Date "2004.08.19"]
[Round "4"]
[White "Mayo Casademont, Marti"]
[Black "Guevara Pijoan, Josep"]
[Result "1/2-1/2"]
[WhiteElo "2099"]
[BlackElo "2189"]
[PlyCount "24"]
[EventDate "2004.08.16"]
[EventType "swiss"]
[EventRounds "9"]
[EventCountry "ESP"]
[SourceTitle "EXT 2005"]
[Source "ChessBase"]
[SourceDate "2004.11.15"]
[SourceVersion "1"]
[SourceVersionDate "2004.11.15"]
[SourceQuality "1"]

1. d4 f5 2. c4 Nf6 3. Nc3 g6 4. h4 Bg7 5. h5 d6 6. hxg6 hxg6 7. Rxh8+ Bxh8 8. Nf3 Be6 9. Ng5 Bg8 10. e4 e6 11. exf5 exf5 12. Bd3 Ng4 1/2-1/2